Marketingová terminologie. 3 Několik slov k public relations

Definícia public relations (PR). Ciele PR vo vzťahu k reklame a podpore predaja a k publicite. Hlavné nástroje PR. Vzťahy k zákazníkom. Sponzorstvo. Vzťah k masovokomunikačným prostriedkom. Vzťah k verejnosti. Interné PR (interná firemná komunikácia).

Gespeichert in:
Bibliographische Detailangaben
1. Verfasser: Strnad, P.
Format: Buchkapitel
Sprache:Tschechisch
Schlagworte:
Tags: Tag hinzufügen
Keine Tags, Fügen Sie das erste Tag hinzu!

MARC

LEADER 00000naa a2200000 4500
001 r021887
005 20230607095741.4
041 0 |a cze 
044 |a CZ 
245 1 0 |a Marketingová terminologie. 3  |b Několik slov k public relations  |c P. Strnad 
520 |a Definícia public relations (PR). Ciele PR vo vzťahu k reklame a podpore predaja a k publicite. Hlavné nástroje PR. Vzťahy k zákazníkom. Sponzorstvo. Vzťah k masovokomunikačným prostriedkom. Vzťah k verejnosti. Interné PR (interná firemná komunikácia). 
610 2 0 |a marketing 
610 2 0 |a terminológia 
610 2 0 |a práca s verejnosťou 
610 2 0 |a komunikácia 
610 2 0 |a podpora predaja 
100 1 |a Strnad, P.